| 000 | 00436nam a2200133Ia 4500 | ||
|---|---|---|---|
| 008 | 221007s9999 xx 000 0 und d | ||
| 041 | _aeng | ||
| 082 | _bSHI | ||
| 100 |
_aShivdekar Ashwini - 2k131104; Prof.Manasi Javadekar - Guide & [Company Name] - VLD Healthcare PVT LTD _9103223 |
||
| 245 | _aEmployee Engagement at VLD Healthcare | ||
| 260 |
_cSep-14 _bSavitribai Phule Pune University _aPune |
||
| 300 | _a77p | ||
| 906 | _bGeneral | ||
| 999 |
_c73555 _d73555 |
||